| 000 | 00923nam a22003137a 4500 | ||
|---|---|---|---|
| 003 | CHAP | ||
| 005 | 20250515134618.0 | ||
| 008 | 971013s1981 us r 00010 eng d | ||
| 010 | _a22108 | ||
| 011 | _a23080 | ||
| 035 | _a27175 | ||
| 040 | _cCHAP | ||
| 082 | 0 | 4 |
_a589.2 _bC67 |
| 100 | 0 | 0 |
_aCole, Garry T. _eed. _924630 |
| 245 | 1 | _aBiology of conidial fungi | |
| 260 |
_aNew York : _bAcademic Press, _c1981 |
||
| 300 | _av. | ||
| 500 | _aLa biblioteca tiene: v.2 | ||
| 590 |
_aBATCH-UPD _b10 _c20130110 _lUCH01 _h1359 |
||
| 590 |
_aBATCH-UPD _b10 _c20130410 _lUCH01 _h0851 |
||
| 590 |
_aBATCH-UPD _b10 _c20130914 _lUCH01 _h1620 |
||
| 590 |
_aCONVERSION _b10 _c20130109 _lUCH01 _h1313 |
||
| 650 | 1 | 4 |
_aHongos fitopatógenos. _956132 |
| 650 | 1 | 4 |
_aHongos. _956084 |
| 700 | 0 |
_aKendrick, Bryce _eautor, _963018 |
|
| 901 | _aBK | ||
| 942 | _cLIBRO | ||
| 949 |
_a589.2 C67 _bBC _cLIBRO _d33724000361556 _eLIBRO _fv.2 _h58270 _i27175 _si |
||
| 999 |
_c22108 _d22108 |
||